000 02234nam0a2200325 4500
001 RU\NLR\BIBL_A\012094717
005 20190920151718.0
010 _a978-5-7681-1384-1
_9100
021 _aRU
_bКН-П-19-058863
_9КН-П-19-4222
021 _aRU
_bКН-П-19-058863
_9КН-П-19-5091
035 _a(NLR Aleph) 012094717
035 _a(RuMoRGB)010061775
090 _a11873035
_c11873035
100 _a20190916d2019 u y0rusy50 ca
101 0 _arus
102 _aRU
105 _ay|||j|||000zy
200 1 _aУголовно-исполнительное право России
_eучебное пособие
_e[соответствует Федеральному государственному образовательному стандарту по направлению подготовки 40.03.01 "Юриспруденция", специальностям 40.05.02 "Правоохранительная деятельность" и 40.05.01 "Правовое обеспечение национальной безопасности"]
_fС. В. Шевелёва, А. Б. Баумштейн
_gМинобрнауки России, Федеральное государственное бюджетное образовательное учреждение высшего образования "Юго-Западный государственный университет" (ЮЗГУ)
210 _aКурск
_cЮго-Западный государственный университет
_d2019
215 _a438 с.
_cтабл.
_d20
320 _aБиблиогр.: с. 436-438 (30 назв.) и в подстроч. примеч.
606 1 _aУголовно-исполнительное право
_yРоссийская Федерация
_jУчебные издания для высших учебных заведений
_2nlr_sh1
_2nlr_sh2
_3RU\NLR\AUTH\661254446
686 1 _aХ628.4я73
700 1 _aШевелёва
_bС. В.
_f1977-
_gСветлана Викторовна
701 1 _aБаумштейн
_bА. Б.
_gАнтон Борисович
942 _cBOOK
980 _aNBR
980 _aNB